000 01441nam0a2200325 4500
001 RU\NLR\BIBL_A\011791186
005 20180921151622.0
010 _a978-5-392-27331-7
_91000
021 _aRU
_bКН-П-19-023244
_9КН-П-19-1753
021 _aRU
_bКН-П-18-058966
_9КН-П-18-4245
035 _a(NLR Aleph) 011791186
035 _a(RuMoRGB)009710423
090 _a11823102
_c11823102
100 _a20180912d2019 u y0rusy50 ca
101 0 _arus
_aeng
102 _aRU
105 _aa|||z 000zy
200 1 _aГрамматика английского языка
_eсамоучитель для тех, кто хочет лучше писать, правильнее говорить, быстрее читать
_fС. А. Шевелева
210 _aМосква
_cПроспект
_d2019 [т.е. 2018]
215 _a95, [1] с.
_cтабл.
_d17
606 1 _aАнглийский язык
_jУчебные издания для самообразования
_2nlr_sh2
_3RU\NLR\AUTH\6646032
606 1 _aАнглийский язык
_xГрамматика
_jУчебные издания
_2nlr_sh2
_3RU\NLR\AUTH\6644367
686 1 _aШ143.21-93рус8
686 1 _aШ143.21-93рус-2
700 1 _aШевелева
_bС. А.
_gСветлана Александровна
_3RU\NLR\AUTH\770175383
942 _cBOOK
980 _aNBR
980 _aNB